Library Banner

The new image bank (Record no. 18114)

MARC details
000 -LEADER
fixed length control field 00326nam a2200145Ia 4500
001 - CONTROL NUMBER
control field 17705
008 - FIXED-LENGTH DATA ELEMENTS--GENERAL INFORMATION
fixed length control field 140405s9999 xx 000 0 und d
040 ## - CATALOGING SOURCE
Transcribing agency PK-LaUMT
082 ## - DEWEY DECIMAL CLASSIFICATION NUMBER
Classification number 610.222
Item number NEW-
245 #4 - TITLE STATEMENT
Title The new image bank
260 ## - PUBLICATION, DISTRIBUTION, ETC. (IMPRINT)
Date of publication, distribution, etc 2000
500 ## - GENERAL NOTE
General note Cataloguing information incomlete
546 ## - LANGUAGE NOTE
Language note EN
942 ## - ADDED ENTRY ELEMENTS (KOHA)
Koha item type Books
Holdings
Withdrawn status Lost status Damaged status Not for loan Home library Current library Date acquired Total Checkouts Full call number Barcode Date last seen Price effective from Koha item type
        UMT Main Campus UMT Main Campus 2014-04-05   610.222 NEW- 20733 2014-04-22 2014-04-22 Books